|
|
|
|
| LEADER |
00980nam a22002772aa4500 |
| 001 |
001863614 |
| 003 |
CZ BrMZK |
| 005 |
20230713104109.0 |
| 007 |
ta |
| 008 |
230627m19461947xxk er|||||||||||eng d |
| 040 |
|
|
|a BOA001
|b cze
|e aacr2
|
| 100 |
1 |
|
|a Quiller-Couch, Arthur Thomas,
|c Sir,
|d 1863-1944
|7 xx0004007
|4 aut
|
| 245 |
1 |
0 |
|a Studies in literature /
|c by Sir Arthur Quiller-Couch
|
| 250 |
|
|
|a Reprinted
|
| 260 |
|
|
|a Cambridge :
|b University Press,
|c 1946-1947
|
| 300 |
|
|
|a 2 sv.
|
| 500 |
|
|
|a Obsahuje rejstřík
|
| 505 |
0 |
|
|a 1. 1946. vi, 307 s. -- 2. 1947. 291 s.
|
| 650 |
0 |
7 |
|a britská literatura
|7 ph118993
|2 czenas
|
| 650 |
0 |
7 |
|a britská poezie
|7 ph118994
|2 czenas
|
| 910 |
|
|
|a BOA001
|b 1-0219.754
|s 1-2
|
| 990 |
|
|
|a BK
|
| 993 |
|
|
|a Y
|
| 991 |
|
|
|b 202307
|
| 996 |
6 |
|
|b BC-2417398
|c 1-0219.754
|d 1.
|v 1
|l MZK
|r Sklad / do 1 hodiny
|n 0
|w 001930882
|u 000010
|a 1
|e BOA001
|j MZK50
|s P
|
| 996 |
6 |
|
|b BC-2418738
|c 1-0219.754
|d 2.
|v 2
|l MZK
|r Sklad / do 1 hodiny
|n 0
|w 001930882
|u 000020
|a 1
|e BOA001
|j MZK50
|s P
|